000 01041nas a2200349 4500
001 BR0305778
003 BR-BrBNA
005 20231205104201.0
007 ta
008 230509b bl.|||p| |||| 00| 00por d
040 _aBR-BrBNA
_bpor
_cBiblioteca Nacional de Agricultura
041 _a(Pt)
072 _aL73
100 1 _aMelo, P.S.
100 1 _aCarvalho Filho, P.R. de
100 1 _aTeixeira Filho, W.L.
100 1 _aFlausino, W.
100 1 _aLopes, C.W.G.
245 1 _aCistos do gênero Giardia Kunstler, 1882 em gatos infectados naturalmente e um abordagem zoonótica
650 _aGATO
650 _aCISTO
650 _aHOMEM
650 _aINFECÇÃO
650 _aZOONOSE
650 _aPROTOZOÁRIO
650 _aMICROSCOPIA ELETRÔNICA
650 _aANÁLISE DE LABORATÓRIO
650 _aMEDICAMENTO
773 0 _tRevista Brasileira de Medicina Veterinária (Brazil)
_xISSN 0100-2430
_g(Jan-Feb 2003), v. 25(1) p. 28-34
_wBR0305778
909 _a202311
_bLúcia
_c55
_dLúcia Elande
942 _2AGRIS
_n0
_cANA
999 _c176810
_d176810